000 00331nam a22001097a 4500
008 230619b xxu||||| |||| 00| 0 eng d
082 _a305.569
_bMPND
245 _aFirst Report on Poverty in Kenya
_b- Volume I: Incidence and Depth of Poverty
260 _aKenya
_bCentral Bureau of Statistics
_c1998
300 _a82p
942 _2ddc
_cBK
999 _c1393
_d1393